- Villaseñor López, Victoria Yolanda
Entry Nombre Personal
001 - NUMERO DE CONTROL
- campo de control: 43029
003 - IDENTIFICADOR DE NUMERO DE CONTROL
- campo de control: MX-MxUPN
005 - FECHA Y HORA DE LA ÜLTIMA TRANSACCIÓN
- campo de control: 20260226085949.0
008 - DATOS DE LONGITUD FIJA
- campo de control de longitud fija: 260218n| acannaabn | aaa |d
024 7# - OTROS IDENTIFICADORES NORMALIZADOS
- Número normalizado o código: 160122170
- Enlace: viaf
- URI: https://viaf.org/es/viaf/160122170
024 7# - OTROS IDENTIFICADORES NORMALIZADOS
- Número normalizado o código: 0009-0000-7829-9186
- Fuente: orcid
- URI: https://orcid.org/0009-0000-7829-9186
024 7# - OTROS IDENTIFICADORES NORMALIZADOS
- Número normalizado o código: Q138330785
- Fuente: wikidata
- URI: https://www.wikidata.org/wiki/Q138330785
035 ## - NUMERO DE CONTROL
- Número de control: UPN11000015136
040 ## - FUENTE DE CATALOGACIÓN
- Agencia original de catalogación: MX-MxUPN
- Lenguaje de catalogación: spa
- Agencia de transcripción: MX-MxUPN
100 1# - ENCABEZAMIENTO - NOMBRE PERSONAL
- Nombre personal: Villaseñor López, Victoria Yolanda
371 ## - DIRECCIÓN
- Electronic mail address: vlopez@upn.mx
372 ## - CAMPO DE ACTIVIDAD
- Field of activity: Didáctica de la lengua
373 ## - GRUPO ASOCIADO
- Associated group: Universidad Pedagógica Nacional (México)
- Fuente del término: naf
374 ## - OCUPACIÓN
- Occupation: Profesora universitaria
- Occupation: Investigadora
377 ## - LENGUA ASOCIADA
- Language code: spa
670 ## - FUENTE EN LA QUE SE LOCALIZARON DATOS
- Cita de la fuente: T
- Información localizada: De la cultura viva al proceso de su escritura
670 ## - FUENTE EN LA QUE SE LOCALIZARON DATOS
- Cita de la fuente: Sitio web UPN, 18 febrero 2026:
- Información localizada: (Victoria Yolanda Villaseñor López; profesora de tiempo en la Universidad Pedagógica Nacional; doctorado en Antropología por la Escuela Nacional de Antropología e Historia; línea de investigación: didáctica de la lengua; vlopez@upn.mx)
- Uniform Resource Identifier: https://area2.upnvirtual.edu.mx/index.php/cuerpos-academicos/dlaa/113-dra-victoria-yolanda-villasenor-lopez
902 ## - CATALOGADOR
- Catalogador: MCM/301019
- Catalogador: Víctor Ruiz/180226
